អក្សរសាស្ត្រខ្មែរ (Record no. 8414)

000 -LEADER
fixed length control field 00271nam a22001097a 4500
040 ## - CATALOGING SOURCE
Transcribing agency SH
082 ## - DEWEY DECIMAL CLASSIFICATION NUMBER
Classification number 895
100 ## - MAIN ENTRY--AUTHOR NAME
Personal name ណៃ​ សុវឿន
245 ## - TITLE STATEMENT
Title អក្សរសាស្ត្រខ្មែរ
260 ## - PUBLICATION, DISTRIBUTION, ETC. (IMPRINT)
Place of publication RUA
Name of publisher ណៃ សុវឿន
Year of publication 2011
942 ## - ADDED ENTRY ELEMENTS (KOHA)
Koha item type សៀវភៅភាសាខ្មែរ
952 ## - LOCATION AND ITEM INFORMATION (KOHA)
Withdrawn status [LOCAL, KOHA] 0
952 ## - LOCATION AND ITEM INFORMATION (KOHA)
Withdrawn status [LOCAL, KOHA] 0
952 ## - LOCATION AND ITEM INFORMATION (KOHA)
Withdrawn status [LOCAL, KOHA] 0
952 ## - LOCATION AND ITEM INFORMATION (KOHA)
Withdrawn status [LOCAL, KOHA] 0
952 ## - LOCATION AND ITEM INFORMATION (KOHA)
Withdrawn status [LOCAL, KOHA] 0
952 ## - LOCATION AND ITEM INFORMATION (KOHA)
Withdrawn status [LOCAL, KOHA] 0
952 ## - LOCATION AND ITEM INFORMATION (KOHA)
Withdrawn status [LOCAL, KOHA] 0
952 ## - LOCATION AND ITEM INFORMATION (KOHA)
Withdrawn status [LOCAL, KOHA] 0
952 ## - LOCATION AND ITEM INFORMATION (KOHA)
Withdrawn status [LOCAL, KOHA] 0
952 ## - LOCATION AND ITEM INFORMATION (KOHA)
Withdrawn status [LOCAL, KOHA] 0
952 ## - LOCATION AND ITEM INFORMATION (KOHA)
Withdrawn status [LOCAL, KOHA] 0
Holdings
Permanent Location Date acquired Koha item type Lost status Shelving location Barcode Current Location Full call number
Library Block C2016-07-27សៀវភៅភាសាខ្មែរ C329RUA035037Library Block C895 ណៃ 2011 C329
Library Block C2016-07-27សៀវភៅភាសាខ្មែរ C329RUA036438Library Block C895 ណៃ 2011 C329
Library Block C2016-07-27សៀវភៅភាសាខ្មែរ C329RUA035042Library Block C895 ណៃ 2011 C329
Library Block C2016-07-27សៀវភៅភាសាខ្មែរ C329RUA035102Library Block C895 ណៃ 2011 C329
Library Block C2016-07-27សៀវភៅភាសាខ្មែរ C329RUA035023Library Block C895 ណៃ 2011 C329
Library Block C2016-07-27សៀវភៅភាសាខ្មែរ C329RUA034903Library Block C895 ណៃ 2011 C329
Library Block C2016-07-27សៀវភៅភាសាខ្មែរ C329RUA036599Library Block C895 ណៃ 2011 C329
Library Block C2016-07-27សៀវភៅភាសាខ្មែរ C329RUA034977Library Block C895 ណៃ 2011 C329
Library Block C2016-07-27សៀវភៅភាសាខ្មែរ C329RUA035034Library Block C895 ណៃ 2011 C329
Library Block C2016-07-27សៀវភៅភាសាខ្មែរ C329RUA035032Library Block C895 ណៃ 2011 C329
Library Block C2016-10-11សៀវភៅភាសាខ្មែរ C329A00490Library Block C895 ណៃ 2011 C329
មជ្ឈមណ្ឌលឯការនៃសាកលវិទ្យាល័យភូមិន្ទកសិកម្មចំការដូង

Powered by Koha